Responses for Show #4729 - Thursday, March 10, 2005

2005 Ultimate Tournament of Champions Round 1, game 22.

Contestants

[<< previous game]

Michael Day, an attorney from Mill Valley, California

Pam Mueller, an entering law student originally from Chicago, Illinois

Jay Rosenberg, a college professor from Chapel Hill, North Carolina

[next game >>]

Jeopardy! Round responses

BAND NAMES
COME TO THE POINT
NOT A NATIONAL CAPITAL
PRESIDENTIAL RELATIVES
ALSO A BAR DRINK
9-LETTER WORDS
    $200 11
(Alex: You're right!)

ZZ Top

Jay
    $200 12
(Jay: What is June?)

March

JayMichael
    $200 6
St. Petersburg

Pam
    $200 13
Billy Carter

Michael
    $200 20
a screwdriver

Pam
    $200 1
lightning

Pam
    $400 15
Men at Work

Pam
    $400 27
the break-even point

Michael
    $400 7
(Alex: Yes, provincial but not national.)

Toronto

Michael
    $400 14
Clinton

Pam
    $400 21
a zombie

Pam
    $400 2
Yorkshire

Pam
    $600 16
Blondie

Michael
    $600 28
a decision

Michael
    $600 8
Sydney

Michael
    $600 17
Lincoln

Pam
    $600 22
Rob Roy

Pam
    $600 3
(Michael: what is a photocopy?)

facsimile

Michael
Triple Stumper
    $800 18
Dire Straits

Pam
    $800 29
match point

Pam
    $800 9
Mecca

Pam
    $800 25
Madison

Michael
    $800 23
a grasshopper

Pam
    $800 4
raconteur

Michael
    $1000 19
(Jay: What is Devo?)
...
(Alex: Yes, Paul [*]. Who are [*]?)

The Ramones (Ramone accepted)

JayPam
    $1000 30
[Alex demonstrates with his pen.]

the tipping point

Triple Stumper
    $1000 10
San Marcos

Pam
    $2,500 26
(Alex: You trail Pam, as you can see, by $2,800.)
...
(Alex: [Excitedly] Yup! A guess is... as good as anything if it's right.)

Nixon

Michael
    $1000 24
a boomerang

Michael
    $1000 5
Quasimodo

Michael

Scores at the first commercial break (after clue 16):

Jay Pam Michael
$0 $3,400 $3,200

Scores at the end of the Jeopardy! Round:

Jay Pam Michael
-$1,000 $8,600 $8,500

Double Jeopardy! Round responses

BRAND NAMES
"SH"! I'M WATCHING TV!
(Alex: We want you to name the book in...)
LITERARY NARRATORS
AND THE HORSE
YOU, RODIN
ON...
    $400 7
Stouffer's

Pam
    $400 1
Shogun

Pam
    $400 2
The Joy Luck Club

Michael
    $400 9
the Clydesdale

Pam
    $400 13
The Thinker

Pam
    $400 18
on the job (or on duty)

Pam
    $800 27
Centrum

Jay
    $800 3
Sheena

Jay
    $800 8
The Great Gatsby

Michael
    $800 23
the Appaloosa

Pam
    $800 14
The Kiss

Pam
    $800 19
(Pam: What is on... fire?)

on a roll

JayPam
    $1200 28
(Alex: Right again!... You've found your category!)

Neosporin

Jay
    $1200 4
Shane

Michael
    $1200 10
(Alex: By Dickens, yes.)

Great Expectations

Pam
    $1200 24
(Michael: What is an Arabian?)

the thoroughbreds

Michael
Triple Stumper
    $2,200 15
(Alex: You are back in the lead. Not a big lead, $1300.)
(Pam: Um... $2200.)

(Honoré de) Balzac

Pam
    $1200 20
on the fence

Michael
    $1600 29
Danskin

Pam
    $1600 5
Shindig!

Michael
    $1600 11
Sophie's Choice

Pam
    $3,000 25
(Alex: Pam, you're in the lead with $24,000. Before I ask you to make your wager, we have a change in scoring to announce, and it affects one of your opponents, and that is Jay. Jay, our researchers have looked into Rodin's work, and he was gonna call it The Gate of Hell, La porte de l'enfer. So we're going to credit you with a correct response; that will bring you up to plus $2200. How does it feel to be in the blue?)
(Jay: Thank you!)

quarter horses

Pam
    $1600 16
(Jay: What is The Gate of Hell?)
[Originally ruled incorrect, reversed before clue 25, bringing Jay out of the red]

The Gates of Hell

JayPam
    $1600 21
borrowed time

Michael
    $2000 30
(Jay: What is L.L. Bean?)

Sears

Jay
Triple Stumper
    $2000 6
C.P.O. Sharkey

Michael
    $2000 12
The Outsiders

Pam
    $2000 26
Lipizzaners

Pam
    $2000 17
Andromeda

Pam
    $2000 22
on a tangent

Pam

Scores at the end of the Double Jeopardy! Round:

Jay Pam Michael
$2,200 $30,600 $16,100

[wagering suggestions for these scores]

Final Jeopardy! Round responses

ANCIENT WRITERS
JayWho was Ovid?
$2,200
MichaelWho was Ovid?
$14,501
PamWho is Ovid?
$1,601
Ovid (in Metamorphoses)

Final scores:

Jay Pam Michael
$4,400 $32,201 $30,601
3rd place: $5,000 Winner: $32,201 + an advance to UToC Round 2 2nd place: $5,000

Game dynamics:

Coryat scores:

Jay Pam Michael
$2,200 $28,200 $14,600
6 R,
3 W
32 R
(including 2 DDs),
1 W
19 R
(including 1 DD),
2 W

Combined Coryat: $45,000

[game clues] [game scores] [suggest correction]

Game tape date: 2005-02-22
The J! Archive is created by fans, for fans. Scraping, republication, monetization, and malicious use prohibited; this site may use cookies and collect identifying information. See terms. The Jeopardy! game show and all elements thereof, including but not limited to copyright and trademark thereto, are the property of Jeopardy Productions, Inc. and are protected under law. This website is not affiliated with, sponsored by, or operated by Jeopardy Productions, Inc. Join the discussion at JBoard.tv.